Sports Quiz

Random Sports or NFL Quiz

Vowel-less Super Bowl MVPs Quiz Stats

Quiz not verified by Sporcle

Challenge
Share
Tweet
Embed
Score 0/41 Timer 06:00
0 Plays Today
Vowel-less Name MVP % Correct
brtstrrBart Starr
98%
jnmthJoe Namath
92.9%
ptnmnnngPeyton Manning
88.8%
dxtrjcksnDexter Jackson
87.8%
trrbrdshwTerry Bradshaw
86.7%
rgrstbchRoger Staubach
85.7%
lnnswnnLynn Swann
85.7%
dsmndhwrdDesmond Howard
85.7%
krtwrnrKurt Warner
85.7%
phlsmmsPhil Simms
84.7%
trrlldvsTerrell Davis
84.7%
lmnnngEli Manning
84.7%
drwbrsDrew Brees
84.7%
stvyngSteve Young
83.7%
tmbrdTom Brady
83.7%
rnrdgrsAaron Rodgers
83.7%
lrrbrwnLarry Brown
82.7%
dgwllmsDoug Williams
81.6%
jmplnkttJim Plunkett
80.6%
jrrrcJerry Rice
80.6%
hnswrdHines Ward
80.6%
Vowel-less Name MVP % Correct
jkscttJake Scott
79.6%
jmntnJoe Montana
79.6%
jhnrggnsJohn Riggins
79.6%
mmttsmthEmmitt Smith
78.6%
sntnhlmsSantonio Holmes
78.6%
dnbrnchDeion Branch
76.5%
jhnlwJohn Elway
74.5%
rlwsRay Lewis
74.5%
lrrcsnkLarry Csonka
70.4%
rchrddntRichard Dent
69.4%
lndwsnLen Dawson
68.4%
frnchrrsFranco Harris
63.3%
mrkrpnMark Rypien
62.2%
trkmnTroy Aikman
62.2%
mrcsllnMarcus Allen
60.2%
rndwhtRandy White
59.2%
ttsndrsnOttis Anderson
56.1%
hrvmrtnHarvey Martin
55.1%
frdbltnkffFred Biletnikoff
50%
chckhwlChuck Howley
43.9%

You're not logged in!

Compare scores with friends on all Sporcle quizzes.
Join for Free
OR
Log In

You Might Also Like...

Show Comments

Extras

Top Quizzes Today


Score Distribution

Your Account Isn't Verified!

In order to create a playlist on Sporcle, you need to verify the email address you used during registration. Go to your Sporcle Settings to finish the process.

Report this User

Report this user for behavior that violates our Community Guidelines.

Details: